00526nam a2200193 a 4500001001300000003000900013005001700022008004100039020001000080082001500090100002100105245004000126260005400166300000900220500003500229505002800264650001900292700002100311nice12345678IN_TiNIC20260116011340.0050524s1930 hyda grp 000 0 ara  ac10000a915.3bJAF aJafar, Abul Farj aKitab-Ul-Khiraj Wa Sanat-Ul-Kitabat aHyderabad bMarkazi Anjuman Taleemus Salat c1930 a138p aincludes index and biblioraphy2 afour parts in two vols. aGeography-Arab1 aJafar, Abul Farj